Online
Catalog

El capital / (Record no. 47990)

MARC details
000 -CABECERA
campo de control de longitud fija 00818nam a2200253 a 4500
001 - NÚMERO DE CONTROL
campo de control 000048502
005 - FECHA Y HORA DE LA ÚLTIMA TRANSACCIÓN
campo de control 20240731114020.0
008 - DATOS DE LONGITUD FIJA--INFORMACIÓN GENERAL
campo de control de longitud fija 090629s2015 dr 000 0 spa d
040 ## - FUENTE DE LA CATALOGACIÓN
Centro catalogador/agencia de origen DO-SdBNP
Lengua de catalogación spa
Centro/agencia transcriptor BNPHU
082 ## - NÚMERO DE LA CLASIFICACIÓN DECIMAL DEWEY
Número de clasificación 335.4
Número de documento/Ítem M392c
100 1# - ENTRADA PRINCIPAL--NOMBRE DE PERSONA
Nombre de persona Marx, Carlos
Fechas asociadas al nombre 1818-1883
9 (RLIN) 5975
245 13 - MENCIÓN DE TÍTULO
Título El capital /
Mención de responsabilidad, etc. Carlos Marx.
260 ## - PUBLICACIÓN, DISTRIBUCIÓN, ETC.
Lugar de publicación, distribución, etc. Santo Domingo :
Nombre del editor, distribuidor, etc. Ediciones Triunfo Comunista,
Fecha de publicación, distribución, etc. 2015.
300 ## - DESCRIPCIÓN FÍSICA
Extensión v. ;
Dimensiones 24 cm.
490 1# - MENCIÓN DE SERIE
Mención de serie Triunfo comunista
Designación de volumen o secuencia 37
590 ## - NOTA LOCAL (RLIN)
Nota local Inventariado, 2019/VM
500 ## - NOTA GENERAL
Nota general La biblioteca posee el v. 1
500 ## - NOTA GENERAL
Nota general Incluye referencias bibliográficas y notas al final de los capítulos
650 #0 - PUNTO DE ACCESO ADICIONAL DE MATERIA--TÉRMINO DE MATERIA
Término de materia o nombre geográfico como elemento de entrada Capital
9 (RLIN) 3797
650 #0 - PUNTO DE ACCESO ADICIONAL DE MATERIA--TÉRMINO DE MATERIA
Término de materia o nombre geográfico como elemento de entrada Economía política
9 (RLIN) 5976
650 #0 - PUNTO DE ACCESO ADICIONAL DE MATERIA--TÉRMINO DE MATERIA
Término de materia o nombre geográfico como elemento de entrada Capitalismo
9 (RLIN) 280
830 #0 - PUNTO DE ACCESO ADICIONAL DE SERIE-TÍTULO UNIFORME
Título uniforme Triunfo comunista
Designación de volumen o secuencia 37
9 (RLIN) 75922
910 ## - DATOS DE OPCIÓN DEL USUARIO (OCLC)
Datos de opción del usuario Validado. Control de calidad MFF
Holdings
Estado de retiro Estado de pérdida No para préstamo Código de colección Localización permanente Ubicación/localización actual Ubicación en estantería Fecha de adquisición Número de inventario Total de préstamos Signatura topográfica completa Código de barras Fecha visto por última vez Precio válido a partir de Tipo de ítem Koha
    Excluido de préstamo Patrimonio Dominicano Patrimonio Dominicano Patrimonio Dominicano Depósito 25.03.2019 LF1   335.4 M392c 48502-10 25.06.2020 25.06.2020 Libro y Folleto Colección Patrimonio Dominicano

Powered by Koha